[Event "Bad Woerishofen op 38th"]
[Site "Bad Woerishofen"]
[Date "2023.03.04"]
[Round "2"]
[White "Rouditser, Benjamin"]
[Black "Hess, Christian"]
[Result "0-1"]
[WhiteElo "1769"]
[BlackElo "2248"]
[PlyCount "48"]
[EventDate "2023.03.03"]
[EventType "swiss"]
[EventRounds "9"]
[EventCountry "GER"]
[SourceTitle "CBM 213 Extra"]
[Source "ChessBase"]
[SourceDate "2023.05.31"]
[SourceVersion "1"]
[SourceVersionDate "2023.05.31"]
[SourceQuality "1"]

1. d4 e6 2. c4 Nf6 3. Nc3 Bb4 4. e3 0-0 5. Nge2 Re8 6. a3 Bf8 7. e4 d5 8. e5 Nfd7 9. cxd5 exd5 10. Nxd5 c5 11. f4 cxd4 12. Qxd4 Nc6 13. Qd1 f6 14. Qb3 Kh8 15. exf6 Nxf6 16. Nxf6 Qxf6 17. Be3 Na5 18. Qb5 Rxe3 19. Qxa5 Bg4 20. Kf2 Rae8 21. Re1 Qxb2 22. Qxa7 b6 23. g3 Bc5 24. Bg2 Rxe2+ 0-1

[Event "Berlin Lichtenrade op 15th"]
[Site "Berlin"]
[Date "2019.10.15"]
[Round "4"]
[White "Rouditser, Benjamin"]
[Black "Roehr, Oliver"]
[Result "0-1"]
[WhiteElo "1853"]
[BlackElo "1987"]
[PlyCount "112"]
[EventDate "2019.10.12"]
[EventType "swiss"]
[EventRounds "9"]
[EventCountry "GER"]
[SourceTitle "CBM 195 Extra"]
[Source "ChessBase"]
[SourceDate "2020.05.31"]
[SourceVersion "1"]
[SourceVersionDate "2020.05.31"]
[SourceQuality "1"]

1. d4 Nf6 2. c4 e5 3. dxe5 Ng4 4. Bf4 Nc6 5. Nf3 Bb4+ 6. Nbd2 Qe7 7. e3 Ngxe5 8. Nxe5 Nxe5 9. Be2 d6 10. 0-0 a5 11. a3 Bxd2 12. Qxd2 a4 13. c5 dxc5 14. Qd5 f6 15. Rac1 c6 16. Qxc5 Qxc5 17. Rxc5 Ng6 18. Bc7 Be6 19. Ba5 Bb3 20. Bb4 Kf7 21. Bd1 Bxd1 22. Rxd1 Rhd8 23. Rcc1 Ne5 24. Bd6 Ke6 25. Bxe5 fxe5 26. Kf1 Rxd1+ 27. Rxd1 Ra5 28. Ke2 Rb5 29. Rd2 e4 30. f3 exf3+ 31. Kxf3 Rb3 32. Ke4 c5 33. Rc2 Kd6 34. g4 b5 35. h4 c4 36. h5 g6 37. hxg6 hxg6 38. Rd2+ Kc5 39. g5 c3 40. bxc3 Rxa3 41. Rd5+ Kc4 42. Rd6 Rxc3 43. Rxg6 Kb3 44. Ra6 a3 45. g6 a2 46. Ra5 b4 47. Ra8 Rc7 48. Kf5 Kb2 49. e4 a1Q 50. Rxa1 Kxa1 51. e5 b3 52. Kf6 b2 53. g7 Rc8 54. Kf7 b1Q 55. e6 Qf5+ 56. Ke7 Ra8 0-1

[Event "Vellmar op 11th"]
[Site "Vellmar"]
[Date "2019.07.05"]
[Round "3"]
[White "Rouditser, Benjamin"]
[Black "Fuhrmeister, Ulf Theo"]
[Result "0-1"]
[WhiteElo "1815"]
[BlackElo "2008"]
[PlyCount "60"]
[EventDate "2019.07.04"]
[EventType "swiss"]
[EventRounds "7"]
[EventCountry "GER"]
[SourceTitle "CBM 191 Extra"]
[Source "ChessBase"]
[SourceDate "2019.09.30"]
[SourceVersion "1"]
[SourceVersionDate "2019.09.30"]
[SourceQuality "1"]

1. d4 Nf6 2. c4 g6 3. f3 c5 4. d5 e5 5. e4 d6 6. Ne2 Bg7 7. Ng3 h5 8. Bd3 h4 9. Ne2 Nh5 10. 0-0 Nf4 11. Nxf4 exf4 12. Bxf4 Bxb2 13. Nd2 Bd4+ 14. Kh1 Qf6 15. g3 g5 16. e5 hxg3 17. Bxg3 Bxe5 18. Ne4 Qe7 19. Nxd6+ Bxd6 20. Re1 Be6 21. dxe6 f5 22. Bxd6 Qxd6 23. Re2 Qf4 24. Rg2 Nc6 25. Bxf5 Rd8 26. Bg6+ Ke7 27. Qb3 b6 28. Re1 Rd2 29. Qc3 Rxh2+ 30. Kg1 Rhxg2+ 0-1

[Event "Berlin Werner Ott op"]
[Site "Berlin"]
[Date "2019.06.25"]
[Round "4"]
[White "Kutschke, Jens"]
[Black "Rouditser, Benjamin"]
[Result "1-0"]
[WhiteElo "1947"]
[BlackElo "1815"]
[PlyCount "111"]
[EventDate "2019.06.22"]
[EventType "swiss"]
[EventRounds "9"]
[EventCountry "GER"]
[SourceTitle "EXT 2022"]
[Source "ChessBase"]
[SourceDate "2021.10.06"]
[SourceVersion "1"]
[SourceVersionDate "2021.10.06"]
[SourceQuality "1"]

1. e4 c6 2. d4 d5 3. e5 Bf5 4. c3 e6 5. Bd3 Bxd3 6. Qxd3 Qb6 7. Ne2 Qa6 8. Qxa6 Nxa6 9. b4 Nc7 10. Nd2 a5 11. bxa5 Rxa5 12. Nb3 Ra7 13. 0-0 b5 14. Bd2 Ba3 15. Rfb1 Ne7 16. Bc1 0-0 17. Bxa3 Rxa3 18. Nec1 Rfa8 19. Rb2 Nc8 20. Nd3 Na6 21. Kf1 Nb6 22. Ke2 Nc4 23. Rc2 Na5 24. Nxa5 Rxa5 25. Kd2 g6 26. Rb2 Ra4 27. Rb3 Nb8 28. Nb4 Nd7 29. Nxc6 Rxa2+ 30. Rxa2 Rxa2+ 31. Ke3 Nb6 32. Kf3 Nc4 33. Rxb5 Rc2 34. Nd8 Rxc3+ 35. Kg4 Rd3 36. Nc6 Kg7 37. f3 Ne3+ 38. Kh3 Rd2 39. Rb7 Nxg2 40. Nd8 Nf4+ 41. Kg4 g5 42. Rxf7+ Kg8 43. Kxg5 Ng6 44. Kf6 Rd3 45. Rg7+ Kf8 46. Nxe6+ Ke8 47. Rg8+ Nf8 48. Rxf8+ Kd7 49. Nc5+ Kc6 50. Nxd3 Kb5 51. Rc8 h5 52. e6 h4 53. e7 h3 54. e8Q+ Ka6 55. Qc6+ Ka7 56. Ra8# 1-0

[Event "Berlin Werner Ott op"]
[Site "Berlin"]
[Date "2018.07.07"]
[Round "8"]
[White "Heerde, Thomas"]
[Black "Rouditser, Benjamin"]
[Result "1-0"]
[WhiteElo "2010"]
[BlackElo "1739"]
[PlyCount "59"]
[EventDate "2018.06.30"]
[EventType "swiss"]
[EventRounds "9"]
[EventCountry "GER"]
[SourceTitle "CBM 185 Extra"]
[Source "ChessBase"]
[SourceDate "2018.07.29"]
[SourceVersion "1"]
[SourceVersionDate "2018.07.29"]
[SourceQuality "1"]

1. g3 d5 2. Bg2 Nf6 3. Nf3 Bg4 4. d3 Nbd7 5. Nbd2 e5 6. 0-0 Bd6 7. h3 Bh5 8. Nh4 Bg6 9. e4 dxe4 10. dxe4 Nc5 11. Qe2 Qd7 12. Rd1 Qc6 13. Kh2 0-0-0 14. f3 Ne6 15. Nb3 Nd7 16. Nf5 Ndc5 17. Rxd6 Rxd6 18. Ne7+ Kb8 19. Nxc6+ Rxc6 20. Nxc5 Rxc5 21. Be3 Rc6 22. Rd1 f5 23. Rd5 f4 24. gxf4 exf4 25. Bf2 Bf7 26. Rd7 Rf8 27. Qd2 Kc8 28. c3 g5 29. Bf1 h5 30. Bb5 1-0

[Event "Berlin Werner Ott op"]
[Site "Berlin"]
[Date "2018.07.04"]
[Round "5"]
[White "Rouditser, Benjamin"]
[Black "Silz, Elisa"]
[Result "0-1"]
[WhiteElo "1739"]
[BlackElo "1988"]
[PlyCount "46"]
[EventDate "2018.06.30"]
[EventType "swiss"]
[EventRounds "9"]
[EventCountry "GER"]
[SourceTitle "CBM 185 Extra"]
[Source "ChessBase"]
[SourceDate "2018.07.29"]
[SourceVersion "1"]
[SourceVersionDate "2018.07.29"]
[SourceQuality "1"]

1. d4 Nf6 2. c4 g6 3. Nc3 Bg7 4. e4 d6 5. f3 0-0 6. Be3 a6 7. Qd2 e6 8. g4 Ne8 9. Bd3 Nc6 10. Nge2 e5 11. dxe5 Nxe5 12. 0-0 Be6 13. Nd5 b5 14. cxb5 Bxd5 15. exd5 Nxd3 16. Qxd3 axb5 17. Bd4 Qg5 18. Be3 Qe5 19. b3 Nf6 20. Rad1 Rfe8 21. Kf2 Nxd5 22. Bd2 Qxh2+ 23. Ke1 Nc3 0-1

[Event "Berlin Lieb Memorial 4th"]
[Site "Berlin"]
[Date "2018.06.21"]
[Round "5"]
[White "Korell, Klaus Peter"]
[Black "Rouditser, Benjamin"]
[Result "0-1"]
[WhiteElo "1851"]
[BlackElo "1739"]
[PlyCount "108"]
[EventDate "2018.05.17"]
[EventType "swiss"]
[EventRounds "7"]
[EventCountry "GER"]
[SourceTitle "CBM 189 Extra"]
[Source "ChessBase"]
[SourceDate "2019.06.03"]
[SourceVersion "1"]
[SourceVersionDate "2019.06.03"]
[SourceQuality "1"]

1. d4 d5 2. c4 c6 3. Nf3 Nf6 4. Nc3 dxc4 5. a4 Bf5 6. e3 Na6 7. Bxc4 Nb4 8. Ne5 e6 9. Nd3 Nfd5 10. e4 Nb6 11. Nxb4 Bxb4 12. exf5 Nxc4 13. fxe6 Qe7 14. 0-0 fxe6 15. Qe2 Na5 16. Bf4 0-0-0 17. Rad1 Bd6 18. Be5 Bxe5 19. Qxe5 Nc4 20. Qe2 Nb6 21. Rfe1 Rhe8 22. a5 Nd5 23. a6 b6 24. Qc4 Qc7 25. Rc1 Kb8 26. Re5 Nxc3 27. bxc3 Rd5 28. Rce1 Rxe5 29. Rxe5 Qd6 30. g3 c5 31. Qe2 cxd4 32. Qe4 Re7 33. cxd4 Rd7 34. Rxe6 Qxd4 35. Re8+ Kc7 36. Qxd4 Rxd4 37. Ra8 b5 38. Rxa7+ Kb6 39. Ra8 b4 40. a7 Kb7 41. Rb8+ Kxa7 42. Rb5 Ka6 43. Rb8 Ka5 44. Kf1 Re4 45. f3 Re7 46. Kf2 Ka4 47. Ra8+ Kb3 48. Rb8 Kc3 49. Rc8+ Kb2 50. Rb8 b3 51. Rb6 Kc2 52. Rc6+ Kb1 53. Rb6 b2 54. Rb8 Rc7 0-1

[Event "Berlin-ch QT"]
[Site "Berlin"]
[Date "2018.04.03"]
[Round "4"]
[White "Rouditser, Benjamin"]
[Black "Nohr, Jonas"]
[Result "0-1"]
[WhiteElo "1779"]
[BlackElo "2111"]
[PlyCount "68"]
[EventDate "2018.03.31"]
[EventType "swiss"]
[EventRounds "9"]
[EventCountry "GER"]
[SourceTitle "EXT 2020"]
[Source "ChessBase"]
[SourceDate "2019.10.17"]
[SourceVersion "1"]
[SourceVersionDate "2019.10.17"]
[SourceQuality "1"]

1. e4 e6 2. d3 d5 3. Qe2 c5 4. Nf3 d4 5. g3 Nc6 6. Bg2 e5 7. Nbd2 Nge7 8. Nc4 Ng6 9. h4 Bg4 10. Bd2 b5 11. Na3 h5 12. b3 c4 13. Nb1 c3 14. Bc1 Bd6 15. 0-0 0-0 16. Qe1 Nb4 17. Na3 Qe7 18. Qe2 Rab8 19. Nb1 Qd7 20. Kh2 f5 21. exf5 Qxf5 22. Nxd4 Bxe2 23. Nxf5 Bxf1 24. Bxf1 Rxf5 25. Nxc3 Nxc2 26. Rb1 Rxf2+ 27. Kg1 Rbf8 28. Bg5 Bc5 29. Bg2 Rf1+ 30. Kh2 Rxb1 31. Nxb1 Rf2 32. Kh3 Ne3 33. Be4 Ng4 34. d4 Rh2# 0-1

[Event "Berlin Spandau op"]
[Site "Berlin"]
[Date "2017.12.28"]
[Round "3"]
[White "Zahn, Benno"]
[Black "Rouditser, Benjamin"]
[Result "1/2-1/2"]
[WhiteElo "2113"]
[BlackElo "1723"]
[PlyCount "106"]
[EventDate "2017.12.27"]
[EventType "swiss"]
[EventRounds "7"]
[EventCountry "GER"]
[SourceTitle "CBM 182 Extra"]
[Source "ChessBase"]
[SourceDate "2018.02.23"]
[SourceVersion "1"]
[SourceVersionDate "2018.02.23"]
[SourceQuality "1"]

1. e4 c6 2. d4 d5 3. e5 Bf5 4. Nf3 e6 5. Be2 c5 6. c4 dxc4 7. 0-0 Nc6 8. Be3 cxd4 9. Nxd4 Nxe5 10. Qa4+ Qd7 11. Qxd7+ Kxd7 12. Nxf5 exf5 13. Nd2 Rc8 14. Rfd1 Bd6 15. Nf3 f6 16. Bxa7 Ne7 17. Rac1 Rc6 18. Nxe5+ fxe5 19. Bxc4 Kc7 20. Be3 h6 21. Bb5 Rxc1 22. Rxc1+ Nc6 23. Bd2 Kb6 24. Bf1 Rd8 25. Be3+ Kc7 26. f3 Bb4 27. Bf2 Be7 28. a3 Kb8 29. b4 Nd4 30. Bxd4 Rxd4 31. Rc2 Bd8 32. Kf2 Bb6 33. Ke2 e4 34. g3 Rd3 35. fxe4 Rxa3 36. exf5 Re3+ 37. Kd2 Rf3 38. Bh3 Rb3 39. Bg2 Rxb4 40. Ke2 Rb1 41. Kf3 Rb3+ 42. Kg4 Bd4 43. Kh5 Bf6 44. g4 Rd3 45. Kg6 Rd4 46. h3 Rd6 47. Kh5 b5 48. Rc6 Rxc6 49. Bxc6 b4 50. Ba4 Kc7 51. h4 Kd6 52. g5 hxg5 53. hxg5 Bd4 1/2-1/2